Future shock

Saved in:
Bibliographic Details
Main Author: TOFFLER, Alvin
Format: Book
Language:English
Published: Pan Books 1970
Tags: Add Tag
No Tags, Be the first to tag this record!

MARC

LEADER 00000nam a22000007a 4500
008 210615b ||||| |||| 00| 0 eng d
020 |a 0-330-02861-8 
100 |a TOFFLER, Alvin. 
245 |a Future shock  |c Alvin future  |g 517p. 
260 |b Pan Books  |c 1970  |h London  |i 689085  |l HN17.5 .T757  |m Social history – 1945-  |m Social change.  |m Civilization, modern – 1950-  |m Regression (civilization). 
500 |a “It includes bibliography and index” 
942 |a lcc  |c BK  |e YUNUSA, A.A.  |f 15/6/21 
952 |0 0  |1 0  |2 lcc  |4 0  |6 HN00175 T757  |7 0  |9 2586  |a HOL  |b HOL  |c GJ  |d 2021-06-15  |l 0  |o HN17.5 .T757  |p 2021-6436  |r 2021-06-15 00:00:00  |w 2021-06-15  |y BK 
999 |c 1353  |d 1353